| 000 | 00883nam a2200313 a 4500 | ||
|---|---|---|---|
| 003 | AR-BaBNM | ||
| 005 | 20251128204848.0 | ||
| 008 | 082120s2002 ||||||||||||||000 | spa|| | ||
| 020 | _a950-25-0020-2 | ||
| 040 | _cAR-BaBNM | ||
| 100 | 1 | _aCavarozzi, Marcelo | |
| 245 | 0 | 0 |
_aAutoritarismo y democracia _b1955-1983 |
| 260 |
_aBuenos Aires _bCentro Editor de América Latina _c1983 |
||
| 300 | _a142 p. | ||
| 490 | 0 |
_aBiblioteca política argentina _vv. 21 |
|
| 650 | 4 | _aHISTORIA ARGENTINA | |
| 650 | 4 | _aPOLITICA | |
| 650 | 4 | _aSOCIOLOGIA POLITICA | |
| 650 | 4 | _aREVOLUCION DE SETIEMBRE DE 1955 | |
| 650 | 4 | _aREVOLUCION DE 1966 | |
| 650 | 4 | _aFUERZAS ARMADAS | |
| 650 | 4 | _aHISTORIA SINDICAL | |
| 650 | 4 | _aTOTALITARISMO | |
| 651 | 4 | _aArgentina | |
| 653 | _aPROCESO DE REORGANIZACION NACIONAL | ||
| 800 | 1 |
_aTroncoso, Oscar _edirector |
|
| 942 | _cBK | ||
| 998 | _cEnrique | ||
| 999 |
_c9087 _d9087 |
||